Engineering mathematics through applications / (Record no. 175451)

000 -LEADER
fixed length control field 01092 a2200193 4500
003 - CONTROL NUMBER IDENTIFIER
control field Nust
005 - DATE AND TIME OF LATEST TRANSACTION
control field 20230919135849.0
010 ## - LIBRARY OF CONGRESS CONTROL NUMBER
LC control number 2003040710
020 ## - INTERNATIONAL STANDARD BOOK NUMBER
International Standard Book Number 0831131705
040 ## - CATALOGING SOURCE
Transcribing agency Nust
082 00 - DEWEY DECIMAL CLASSIFICATION NUMBER
Classification number 620.00151,SIN
100 1# - MAIN ENTRY--PERSONAL NAME
Personal name Singh, Kuldeep.
9 (RLIN) 100902
245 10 - TITLE STATEMENT
Title Engineering mathematics through applications /
Statement of responsibility, etc. Kuldeep Singh.
260 ## - PUBLICATION, DISTRIBUTION, ETC.
Place of publication, distribution, etc. New York :
Name of publisher, distributor, etc. Industrial Press,
Date of publication, distribution, etc. c2003.
300 ## - PHYSICAL DESCRIPTION
Extent x, 830 p. :
Other physical details ill. ;
Dimensions 25 cm.
505 ## - FORMATTED CONTENTS NOTE
Formatted contents note Introduction Arthimetic for Engineers (Page-1), Engineering Formulae (Page-52), Visualizing Engineering Formulae (Page-99), Functions in Engieering (Page-133), Trigonometry and Waveforms (Page- 167), Logarithmic, Exponential and Hyperbolic Functions (Page-223), Differentiation (Page-257), Engineering Applications of Differentiation (Page-307), Integration (Page-359), Engineering Applications of Integration (Page-425), Complex Numbers (Page-463), Matrices (Page-507), Vectors (Page-567), First Order Differential Equations (Page-601), Second Order Linear Differential (Page-656).
650 #0 - SUBJECT ADDED ENTRY--TOPICAL TERM
Topical term or geographic name entry element Engineering mathematics.
942 ## - ADDED ENTRY ELEMENTS (KOHA)
Koha item type Reference
Source of classification or shelving scheme
Holdings
Withdrawn status Lost status Source of classification or shelving scheme Damaged status Not for loan Permanent Location Current Location Shelving location Date acquired Full call number Barcode Date last seen Price effective from Koha item type Public note
          Military College of Signals (MCS) Military College of Signals (MCS) General Stacks 12/12/2016 620.00151,SIN MCS31013 12/08/2016 12/12/2016 Book Almirah No.26, Shelf No.6
© 2023 Central Library, National University of Sciences and Technology. All Rights Reserved.